000 00979cam a2200289 a 4500
001 532
005 20230519085917.0
008 990903s2000 nyu c 000 1 eng
020 _a0689818181
040 _aDLC
_cDLC
_dDLC
_dFISKH
_beng
050 0 0 _aPZ7.C59118
_bJan 2000
082 0 0 _a813.5
_221
100 1 _aClements, Andrew,
_d1949-2019,
_eauthor.
245 1 4 _aThe janitor's boy /
_cAndrew Clements.
250 _a1st ed.
260 _aNew York :
_bAntheneum Books for Young Readers.
_c2000.
300 _a140 pages ;
_c22 cm.
505 _aM
520 _aFifth grader Jack finds himself the target of ridicule at school when it becomes known that his father is one of the janitors, and he turns his anger onto his father.
521 _a770
_bLexile
521 _aM
_bRaz-Plus
650 1 _aJanitors
_vFiction.
650 1 _aFathers and sons
_vFiction.
650 1 _aSchools
_vFiction.
906 _a7
_bcbc
_corignew
_d1
_eocip
_f19
_gy-gencatlg
942 _2ddc
_cBK
_n0
999 _c532
_d532